LEADER 00681nam a2200205 i 4500 001 000000130376 003 CaOOAMICUS 005 20170829000000.0 008 170829s1992 xxu u000 u eng u 013 $a103110 020 $a0-385-19363-7 040 $aSeMil$bita 245 10$aO-Sh. 300 $axxxiv, 1230 p. + [1] all. 773 0 $tAnchor Bible Dictionary.$dNew York [etc.] : Doubleday, 1992.$g5$w()12299 850 $aSeMil 852 $aSeMil$W1$xVenegono$y1$mSL1.R III 19$j84426$B84426$CSeMilBibl$Z2$F88027 $8I 961 $aSottoscrizione: DEA 996 $6020$a0-385-19363-7$9(OLS)http://semarc/number/117256 996 $6245$aO-Sh$9(OLS)http://semarc/title/408151 LEADER 01597nam a2200313 i 4500 001 000000115772 003 CaOOAMICUS 005 20030528000000.0 008 030528s2001 it u000 u ita u 013 $a88461 020 $a88-86702-55-8 040 $aSeMil$bita 100 1 $aRumi, Giorgio ,$d<1938-2006>.$0(OLS)http://semarc/name/10288 245 12$aI Congressi Eucaristici Nazionali :$bla lettura della "Civiltà Cattolica" /$ca cura di Alessandro Albertazzi ; presentazione di Gaetano Bonicelli ; saggi introduttivi di Ernesto Vecchi, Giorgio Rumi ; coordinamento editoriale di Adriano Guarnieri. 260 $aPonteranica (BG) :$bCentro Eucaristico,$c2001. 300 $a474 p. ;$c21 cm. 500 $aFondo Card. C.M. Martini. 650 4$aCongressi eucaristici - Giudizi de La Civiltà Cattolica.$0(OLS)http://semarc/subject/21253 700 1 $aAlbertazzi, Alessandro.$0(OLS)http://semarc/name/7847 700 1 $aGuarnieri, Adriano.$0(OLS)http://semarc/name/48371 700 1 $aVecchi, Ernesto.$0(OLS)http://semarc/name/29543 700 1 $aBonicelli, Gaetano,$c.$0(OLS)http://semarc/name/4636 850 $aSeMil 852 $aSeMil$W1$xVenegono$y1$m3B II 67$j71276$B71276$CSeMilBibl$Z2$F78681 $81 941 1 $a4 961 $aOmaggio: Martini Card. Carlo Maria 996 $6020$a88-86702-55-8$9(OLS)http://semarc/number/99678 996 $6245$aI Congressi Eucaristici Nazionali :$bla lettura della "Civiltà Cattolica"$9(OLS)http://semarc/title/169639 996 $6260$aPonteranica (BG) :$bCentro Eucaristico$9(OLS)http://semarc/publisher/35296